Statistics for Bournemouth most expensive signings

Click here to take the quiz!

General Stats

  • This quiz has been taken 19 times
  • The average score is 7 of 10

Answer Stats

Signed fromSeasonFee (€)Player% Correct
Liverpool18/1921.2 millionDominic Solanke
88%
Bristol City23/2423 millionAlex Scott
76%
Chelsea17/1822.8 millionNathan Aké
76%
Leeds United23/2426.9 millionTyler Adams
76%
Dynamo Kyiv22/2322.7 millionIlya Zabarnyi
71%
Levante18/1930.5 millionJefferson Lerma
65%
Sassuolo23/2425.62 millionHamed Traorè
59%
AZ Alkmaar23/2417.87 millionMilos Kerkez
59%
Lorient22/2322.5 millionDango Ouattara
53%
Liverpool16/1718 millionJordon Ibe
53%

Score Distribution

Percentile by Number Answered

Percent of People with Each Score

Your Score History

You have not taken this quiz